000 01037nam a22002177a 4500
999 _c10192
_d10192
003 AR-CdUCM
008 190329b ||||| |||| 00| 0 spa d
040 _aMUNICIPALIDAD PROVINCIAL DEL CUSCO
_cBIBLIOTECA MUNICIPAL DEL CUSCO
082 _a658.16 /
_bK55 / t.1 /1954.
100 _aKimball, Dexter Simpson,
_926899
245 _aPrincipios de organización industrial /
260 _aBuenos Aires :
_bLibr. El Ateneo
_c1954.
300 _a2 tomos ;
_bIlustraciones,
_c24 cm.
500 _atomo 2 en mal estado de la tapa.
505 _aContenido : t.1 :Los orígenes de la industria -- La revolución industrial -- Los efectos económicos y sociales de las grandes invenciones -- El crecimiento de las empresas industriales -- Otras tendencias industriales especialización. t.2: Compras -- almacenes y existencias -- Standars y standardización ...
650 _aRevolucion Industrial
_98890
650 _aPropiedad de la industria
_926900
650 _aPoderes de corporaciones
_926901
942 _2ddc
_cLIBROS
945 _awnts